000
00342nam a2200133Ia 4500
008
240624s9999 xx 000 0 und d
041
_a
eng
082
_a
302.35 ROB
100
_a
ROBERTS LAURA MORGAN
245
_a
EXPLORING POSITIVE IDENTITIES AND ORGANI
260
_c
2009
_a
New York
_b
Routledge
300
_a
549 p.; 28 cm.
365
_c
RS
999
_c
31647
_d
31647